| 000 | 01557nam a2200457 i 4500 | ||
|---|---|---|---|
| 001 | 52610 | ||
| 003 | KOSZ 005 | ||
| 005 | 20220912144604.0 | ||
| 008 | 050321s2005 pl f |000 0 pol | ||
| 015 | _aPB 2005/16398 | ||
| 020 | _a8373876065 | ||
| 040 |
_aWA N _cWA N _dKOSZ 005/HR |
||
| 041 | 0 | _apol | |
| 046 | _k2005 | ||
| 080 | _a332.14(438)"2001/..." | ||
| 080 | _a339.7(4-67)"2001/..." | ||
| 080 | _a(083.1) | ||
| 100 | 1 |
_aTertelis, Maciej _eAutor |
|
| 245 | 1 | 0 |
_aNieruchomości w projektach finansowanych przez UE / _cMaciej Tertelis. |
| 260 |
_aWarszawa : _bC. H. Beck, _c2005. |
||
| 300 |
_aXVI, 333 s. ; _c22 cm. |
||
| 336 |
_2rdacontent _aTekst _btxt |
||
| 337 |
_2rdamedia _aBez urządzenia pośredniczącego _bn |
||
| 338 |
_2rdacarrier _aWolumin _bnc |
||
| 380 | _aKsiążki | ||
| 388 | _a2001- | ||
| 490 | 1 | _aNieruchomości. | |
| 500 | _aNa okł. i s. przedtyt.: rozwój regionalny, Lokalne Programy Rewitalizacji i Rozwoju, konkretne przedsięwzięcia i ich beneficjenci. | ||
| 648 | 7 | _a2001- | |
| 650 | 4 | _aFundusze strukturalne UE | |
| 650 | 4 | _aProgramy UE | |
| 650 | 4 | _aRegionalizacja gospodarcza | |
| 650 | 4 | _aPolityka regionalna | |
| 651 | 7 | _aPolska | |
| 655 | 4 | _aPoradnik | |
| 658 | _aGospodarka, ekonomia, finanse | ||
| 710 | 2 |
_aWydawnictwo C.H. Beck _4pbl. |
|
| 830 | 0 | _aNieruchomości (C. H. Beck) | |
| 856 |
_uhttp://koha.tu.koszalin.pl/cgi-bin/koha/opac-detail.pl?biblionumber=52610 _yKatalog online BPK |
||
| 942 |
_2UKD _cKS |
||
| 999 |
_c52610 _d52610 |
||